000 02357nam0a2200385 4500
001 RU\NLR\BIBL_A\022705817
005 20260317112743.0
010 _a978-5-9704-9627-5
_9100
021 _aRU
_bКН-П-25-072407
_9КН-П-25-7016
035 _a(NLR Aleph) 022705817
090 _a13635891
_c13635891
100 _a20260121d2025 k y0rusy50 ca
101 0 _arus
102 _aRU
105 _aa j 001yy
181 0 _ai3
_baxxe
182 0 _an
200 1 _aCOVID-19 и постковидный синдром у больных ревматологического профиля
_eруководство для врачей
_f[Лила Александр Михайлович - доктор медицинских наук, профессор, член-корреспондент РАН, заслуженный врач РФ, Белов Борис Сергеевич, Баранов Андрей Анатольевич - доктора медицинских наук и др.]
_gпод редакцией члена-корреспондента РАН А. М. Лилы, доктора медицинских наук Б. С. Белова
203 _aТекст
_bвизуальный
_cнепосредственный
210 _aМосква
_cГЭОТАР-Медиа
_d2025
215 _a267, [1] с., [1] л. цв. ил.
_cил., табл.
_d21
300 _aАвт. указаны на 4-5-й с.
320 _aБиблиогр. в конце гл.
320 _aПредм. указ.: с. 266-268
606 1 _aCOVID-19 при ревматических болезнях
_jРуководства, пособия и т.п
_92701172
_3RU\NLR\AUTH\6601767667
606 1 _aПостковидный синдром при ревматических болезнях
_jРуководства, пособия и т.п
_92701173
_3RU\NLR\AUTH\6601767668
686 1 _aР514.31-37я77
686 1 _aР55-37я77
701 1 _aЛила
_bА. М.
_gАлександр Михайлович
701 1 _aБелов
_bБ. С.
_cд-р мед. наук
_gБорис Сергеевич
_9168518
_3RU\NLR\AUTH\770168567
701 1 _7ca
_8rus
_aБаранов
_bА. А.
_cд-р мед. наук
_gАндрей Анатольевич
_993874
_3RU\NLR\AUTH\77110949
942 _cBOOK
980 _aNB